000 00642nam a2200241Ia 4500
003 OSt
005 20220918202558.0
006 a|||||r|||| 00| 0
007 ta
008 220917b |||||||| |||| 00| 0 eng d
024 _a102,274
037 _cTextual
040 _aARTS
_cARTS
_beng
041 _2eng
_aeng
082 _aV236,1.M, K7
100 _aGanda Singh ed
_980038
245 0 _aPanjab past and present
260 _aPatiala
_bDepartment of Punjab Historical Studies
_c1967
300 _a275p.
_ccm.
650 _aHISTORY
942 _hV236,1.M, K7
_cTEXL
_2CC
999 _c225734
_d225734